[Event "Cto Equipos Aragon 2012 Div. Honor B "]
[Site "Aragon"]
[Date "2012.02.18"]
[Round "3.17"]
[White "Martinez Catalan Fco  Javier"]
[Black "Antoli Royo Joaquin Miguel"]
[Result "0-1"]
[WhiteElo "2245"]
[BlackElo "2410"]

1.d4 Nf6 2.Nf3 c5 3.d5 g6 4.Nc3 Bg7 5.e4 d6 6.Bb5+ Nfd7 7.a4 O-O 8.O-O Na6 9.
Re1 Nc7 10.Bf1 Ne5 11.Nxe5 Bxe5 12.Bg5 f5 13.f4 Bd4+ 14.Kh1 fxe4 15.Rxe4 Rf7
16.Qe1 Kf8 17.Bc4 Bf5 18.Re2 Bg4 19.Rd2 Bf5 20.Qh4 Ne8 21.Re1 Nf6 22.Ne2 Be3
23.Rd3 Bxd3 24.cxd3 Qa5 25.Ng1 Bxg1 26.Kxg1 Kg8 27.h3 a6 28.Bb3 Qb4 29.Bd1
Qd4+ 30.Kh2 Raf8 31.Bh6 Rd8 32.Bg5 Rdf8 33.Bh6 Nxd5 34.Bxf8 Kxf8 0-1

[Event "Cto Equipos Aragon 2012 Div. Honor B "]
[Site "Aragon"]
[Date "2012.02.18"]
[Round "3.18"]
[White "Garza Marco Sergio"]
[Black "Valles Mata David"]
[Result "1-0"]
[WhiteElo "2394"]
[BlackElo "2184"]

1.d4 Nf6 2.c4 c5 3.d5 b5 4.cxb5 a6 5.bxa6 g6 6.Nc3 Bxa6 7.g3 d6 8.Bg2 Bg7 9.
Nf3 Nfd7 10.Qc2 Nb6 11.h4 h6 12.O-O N8d7 13.Re1 Nc4 14.Bh3 O-O 15.h5 g5 16.
Bxg5 hxg5 17.Nxg5 Nf6 18.Nce4 Nxe4 19.Qxe4 f5 20.Qe6+ Kh8 21.Qg6 1-0

[Event "Cto Equipos Aragon 2012 Div. Honor B "]
[Site "Aragon"]
[Date "2012.02.18"]
[Round "3.19"]
[White "Solano Lasierra Javier"]
[Black "Ramiro Ovejero Juan Luis"]
[Result "1/2-1/2"]
[WhiteElo "2172"]
[BlackElo "2303"]

1.d4 d5 2.c4 dxc4 3.Nc3 e5 4.e3 exd4 5.exd4 Nf6 6.Bxc4 Bd6 7.Nf3 O-O 8.O-O Nc6
9.h3 h6 10.Be3 Bf5 11.Bd3 Qd7 12.Bxf5 Qxf5 13.Qb3 Rab8 14.Rac1 a6 15.Rfd1 Rfe8
16.d5 Ne5 17.Nd4 Qh5 18.Nce2 Ng6 19.Nf3 Ne7 20.Nf4 Qf5 21.Qc2 Qxc2 22.Rxc2 Nf5
23.Bc1 Rbd8 24.g4 Ne7 25.Be3 Bxf4 26.Bxf4 Rxd5 27.Re1 c6 28.Rce2 Kf8 29.g5
hxg5 30.Bxg5 Neg8 31.Ne5 Re6 32.f4 1/2-1/2

[Event "Cto Equipos Aragon 2012 Div. Honor B "]
[Site "Aragon"]
[Date "2012.02.18"]
[Round "3.20"]
[White "Maza Broto Pablo"]
[Black "Escuer Sanchez Nestor"]
[Result "1/2-1/2"]
[WhiteElo "2084"]
[BlackElo "2099"]

1.d4 Nf6 2.Nf3 c5 3.c4 g6 4.g3 Bg7 5.Bg2 cxd4 6.O-O O-O 7.Nxd4 Nc6 8.Nc3 Nxd4
9.Qxd4 d6 10.Rd1 Ng4 11.Qd2 Qb6 12.e3 Be6 13.b3 Ne5 14.h3 Bxh3 15.f3 Be6 16.
Bb2 Rfd8 17.Rac1 Rac8 18.Na4 Qc7 19.f4 Nc6 20.Bxg7 Kxg7 21.e4 Bg4 22.Rf1 f5
23.exf5 Bxf5 24.Nc3 Qa5 25.Rce1 e5 26.Qb2 Re8 27.Nb5 Qb6+ 28.Kh2 Nd4 1/2-1/2

[Event "Cto Equipos Aragon 2012 Div. Honor B "]
[Site "Aragon"]
[Date "2012.02.18"]
[Round "3.21"]
[White "Colas Longares Rafael P"]
[Black "Forcen Esteban Daniel"]
[Result "0-1"]
[WhiteElo "2321"]
[BlackElo "2428"]

1.e4 Nf6 2.e5 Nd5 3.d4 d6 4.Bc4 Nb6 5.Bb3 Bf5 6.Qf3 Qc8 7.Ne2 Nc6 8.Bf4 Bg4 9.
Qe3 Bxe2 10.Qxe2 Nxd4 11.Qe4 Nxb3 12.axb3 e6 13.Nc3 d5 14.Qe3 Bb4 15.Qg3 d4
16.O-O-O dxc3 17.Qxg7 Rf8 18.Rd3 Nd5 19.Bh6 Qd7 20.Qxh7 O-O-O 21.Bxf8 Rxf8 22.
Qe4 Qc6 23.Qc4 Qb6 24.h4 Qa5 25.Kb1 c5 26.h5 cxb2 27.Kxb2 b5 28.Qe4 Qa3+ 0-1

[Event "Cto Equipos Aragon 2012 Div. Honor B "]
[Site "Aragon"]
[Date "2012.02.18"]
[Round "3.22"]
[White "Baron Rodriguez Jesus"]
[Black "Cabrera Moreno Daniel"]
[Result "1/2-1/2"]
[WhiteElo "2449"]
[BlackElo "2191"]

1.e4 e5 2.Nf3 Nc6 3.Bb5 d6 4.d4 Bd7 5.O-O exd4 6.Nxd4 g6 7.f4 Bg7 8.Nf3 Nge7
9.Nc3 O-O 10.Be3 a6 11.Bd3 b5 12.Qd2 f5 13.Rae1 Kh8 14.Bf2 Be6 15.exf5 Bxf5
16.Ng5 Qd7 17.Bxf5 Rxf5 18.Ne6 Bh6 19.Bd4+ Nxd4 20.Qxd4+ Kg8 21.g4 Rf7 22.g5
Bf8 23.Re4 Nf5 24.Qd3 c6 25.Rfe1 d5 26.R4e2 Bd6 27.Nd1 Ng7 28.Qh3 Nxe6 29.Rxe6
Raf8 30.Kg2 Bxf4 31.Qg4 Bb8 32.Qh4 Ba7 33.c3 Bb6 34.Qg4 d4 35.Qe4 Bc5 36.Qxc6
Qxc6+ 37.Rxc6 Rf5 38.h4 1/2-1/2

[Event "Cto Equipos Aragon 2012 Div. Honor B "]
[Site "Aragon"]
[Date "2012.02.18"]
[Round "3.23"]
[White "Garcia Vicente Nieves"]
[Black "Baron Rodriguez Jorge"]
[Result "0-1"]
[WhiteElo "2198"]
[BlackElo "2283"]

1.d4 Nf6 2.c4 g6 3.Nc3 Bg7 4.Nf3 O-O 5.Bf4 d6 6.h3 Nc6 7.e3 Nd7 8.Be2 e5 9.Bg3
f5 10.Bh4 Bf6 11.Bxf6 Nxf6 12.Qd2 Ne4 13.Qc2 exd4 14.exd4 Ng5 15.O-O-O f4 16.
Nxg5 Qxg5 17.Bf3 Qa5 18.Qa4 Qxa4 19.Nxa4 Bf5 20.Bxc6 bxc6 21.Rhe1 Rfe8 22.Kd2
Kf7 23.b3 h5 24.f3 Kf6 25.Nc3 a5 26.Ne2 Kg5 27.Rh1 a4 28.h4+ Kf6 29.Nc1 g5 30.
hxg5+ Kxg5 31.Rde1 axb3 32.axb3 Bg6 33.Rxe8 Rxe8 34.Re1 Rg8 35.Re7 Kf6 36.Re2
c5 37.dxc5 dxc5 38.Kc3 Rd8 39.Rd2 Rxd2 40.Kxd2 Kg5 41.Kc3 Be8 42.Kd2 Kh4 43.
Ne2 Kg5 44.Nc3 Bc6 45.Kd3 Kf5 46.Ne2 Ke5 47.Nc3 h4 48.Na4 Bxf3 49.Nxc5 Bxg2
50.Ke2 h3 51.Kf2 Be4 52.Kg1 f3 53.Nd7+ Kf4 54.Nf6 Bc6 55.Kf2 Kg5 0-1

[Event "Cto Equipos Aragon 2012 Div. Honor B "]
[Site "Aragon"]
[Date "2012.02.18"]
[Round "3.24"]
[White "Castillo Sanjuan Alejandro"]
[Black "Cid Royo Oscar"]
[Result "1-0"]
[WhiteElo "2044"]
[BlackElo "2037"]

1.e4 c6 2.d4 d5 3.e5 Bf5 4.Nc3 e6 5.g4 Bg6 6.Nge2 h6 7.Be3 Nd7 8.Qd2 Bb4 9.Nf4
Be4 10.Rg1 Qa5 11.Bd3 Bxd3 12.Qxd3 Bxc3+ 13.bxc3 Ne7 14.Bd2 Qc7 15.Rb1 O-O-O
16.c4 c5 17.cxd5 Nxd5 18.Nxd5 exd5 19.c3 g5 20.f4 gxf4 21.Bxf4 Nf8 22.Rg2 Ne6
23.Rf2 Kb8 24.Be3 Rd7 25.Rf6 cxd4 26.cxd4 Qa5+ 27.Qd2 Qxd2+ 28.Kxd2 Rg8 29.h3
Ng5 30.Rxh6 1-0

[Event "Cto Equipos Aragon 2012 Div. Honor B "]
[Site "Aragon"]
[Date "2012.02.18"]
[Round "3.25"]
[White "Romon Poves Raul"]
[Black "Quintin Navarro Alberto"]
[Result "1-0"]
[WhiteElo "2296"]
[BlackElo "2201"]

1.d4 Nf6 2.c4 e6 3.Nc3 d5 4.Nf3 c6 5.g3 dxc4 6.Bg2 b5 7.O-O Bb7 8.e4 Be7 9.e5
Nd5 10.Ne4 Nd7 11.Nfg5 c5 12.Qf3 O-O 13.dxc5 h6 14.Nh3 Nxe5 15.Qh5 Nd7 16.Bxh6
N5f6 17.Qg5 Ne8 18.Qe3 gxh6 19.Qxh6 Bd5 20.Nhg5 Bxg5 21.Nxg5 Ndf6 22.Rad1 Ng7
23.Be4 Re8 24.Bh7+ Kf8 25.Bc2 Ng8 26.Nh7+ Ke7 27.Qxg7 Qd7 28.Ng5 Rf8 29.Ne4
Qc6 30.Rfe1 Rad8 31.Qg5+ f6 32.Qg7+ Rf7 33.Qg6 Kf8 34.Qh5 Rg7 35.Qh8 f5 36.Nf6
Kf7 37.Nxd5 Rxd5 38.Qh5+ Kf6 39.Qh4+ Kf7 40.Qh5+ Kf6 41.Rxd5 Qxd5 42.Qe8 Ne7
43.Qf8+ Rf7 44.Qh6+ Ng6 45.h4 Rg7 46.h5 Kf7 47.hxg6+ Rxg6 48.Qe3 Rf6 49.Rd1
Qc6 50.Rd6 Qc7 51.Qd4 Qa5 52.Rd7+ Kg6 53.Qg4+ Kh6 54.Qg7+ 1-0

[Event "Cto Equipos Aragon 2012 Div. Honor B "]
[Site "Aragon"]
[Date "2012.02.18"]
[Round "3.26"]
[White "Gimenez Martinez Alberto"]
[Black "Carraminana Lopez Luis Antonio"]
[Result "1-0"]
[WhiteElo "2170"]
[BlackElo "2047"]

1.e4 c5 2.Nf3 Nc6 3.d4 cxd4 4.Nxd4 e5 5.Nb5 d6 6.N1c3 a6 7.Na3 b5 8.Nd5 Nge7
9.c4 Nxd5 10.Qxd5 Bd7 11.Be3 Rc8 12.cxb5 Nd4 13.Bxd4 exd4 14.bxa6 Bc6 15.Bb5
Qa5+ 16.Kd1 Qb6 17.Rc1 Kd7 18.Qf5+ 1-0

[Event "Cto Equipos Aragon 2012 Div. Honor B "]
[Site "Aragon"]
[Date "2012.02.18"]
[Round "3.27"]
[White "Gil Capape Marco Antonio"]
[Black "Labena Bernal Antonio"]
[Result "0-1"]
[WhiteElo "2059"]
[BlackElo "2095"]

1.e4 e5 2.Nf3 Nc6 3.Bb5 a6 4.Ba4 Nf6 5.O-O Be7 6.d3 d6 7.Bxc6+ bxc6 8.Qe1 O-O
9.Nbd2 c5 10.Nc4 Be6 11.Na5 Bd7 12.Bd2 h6 13.Kh1 Nh7 14.Ng1 f5 15.f3 Bg5 16.
Bc3 Rf7 17.Nc4 Nf8 18.Ba5 Bb5 19.exf5 Bxc4 20.dxc4 Rxf5 21.Bxc7 Qxc7 22.Qe4
Qc8 23.Qd5+ Kh8 24.g4 Rf6 25.Nh3 Ne6 26.Nf2 Nc7 27.Qd3 Re6 28.Ne4 Bf4 29.Nxd6
Qd7 30.Rad1 Ne8 31.Qe4 Rb8 32.Nf5 Qb7 33.Rd5 Nf6 34.Rd8+ Re8 35.Qxb7 Rxb7 36.
Nd6 Rxd8 37.Nxb7 Rd2 38.Nxc5 Rxc2 39.b3 Rxh2+ 40.Kg1 Rxa2 41.Re1 h5 42.g5 Nh7
43.Ne6 Nxg5 44.Nxg5 Bxg5 45.Rxe5 Bf6 46.Rxh5+ Kg8 47.Rd5 Rb2 48.Rd3 a5 49.Kf1
Rc2 50.Ke1 Rc3 51.Kd2 Rxd3+ 52.Kxd3 Kf7 53.Ke4 Ke6 54.f4 Kd6 55.f5 Kc5 56.Kd3
Kb4 57.Kc2 Be5 0-1

[Event "Cto Equipos Aragon 2012 Div. Honor B "]
[Site "Aragon"]
[Date "2012.02.18"]
[Round "3.28"]
[White "Jaques Burguete Raul"]
[Black "Galvez Perez Jose Luis"]
[Result "1-0"]
[WhiteElo "2032"]
[BlackElo "1979"]

1.e4 Nf6 2.e5 Nd5 3.c4 Nb6 4.d4 d6 5.f4 dxe5 6.fxe5 Nc6 7.Be3 Bf5 8.Nc3 e6 9.
Nf3 Bg4 10.Be2 Bxf3 11.gxf3 Qh4+ 12.Bf2 Qh3 13.Bf1 Qh6 14.Qc1 Qh5 15.Qf4 Be7
16.Rg1 O-O 17.Ne4 Kh8 18.Qg3 Bb4+ 19.Ke2 Rg8 20.c5 Nd5 21.a3 Nce7 22.axb4 Nf5
23.Qg4 Qxh2 24.Rg2 Nf4+ 25.Ke1 Nxg2+ 26.Bxg2 Rgd8 27.Rd1 a5 28.b5 a4 29.Qh3
Qf4 30.Qg4 Ne3 31.Bxe3 Qxe3+ 32.Kf1 Qb3 33.f4 Qxb2 34.Ng5 Qxb5+ 35.Kg1 Rd7 36.
Qh5 h6 37.Be4 Qb3 38.Rd3 Qb1+ 39.Kh2 Qb2+ 40.Kh3 Kg8 41.Nh7 Rxd4 42.Rg3 Rd2
43.Nf6+ Kf8 44.Bg2 a3 45.Nh7+ Ke8 46.Rxg7 Qc3+ 47.Bf3 Rh2+ 48.Kxh2 Qd2+ 49.Kh3
Qxf4 50.Nf6+ Kd8 51.Rg8+ Ke7 52.Rxa8 1-0

[Event "Cto Equipos Aragon 2012 Div. Honor B "]
[Site "Aragon"]
[Date "2012.02.18"]
[Round "3.29"]
[White "Del Corral Abancens Alfonso"]
[Black "Villuendas Valero Adrian"]
[Result "0-1"]
[WhiteElo "1935"]
[BlackElo "2287"]

1.e4 c5 2.d4 cxd4 3.c3 Nf6 4.e5 Nd5 5.cxd4 e6 6.Nf3 d6 7.Nc3 Nxc3 8.bxc3 Qc7
9.Bd2 Nd7 10.Qa4 dxe5 11.dxe5 Be7 12.Bd3 b6 13.O-O Bb7 14.Qf4 h6 15.Qg3 O-O-O
16.Rfe1 Nc5 17.Nd4 Nxd3 18.Qxd3 Kb8 19.Be3 g5 20.Qb5 Rd5 21.Qa4 Ra5 22.Qb3 Rc8
23.Bd2 Rxe5 24.Rxe5 Qxe5 25.Re1 Qd5 26.Qxd5 Bxd5 27.f4 Bxa2 28.f5 Bc5 29.fxe6
Bxe6 30.h4 g4 31.Bxh6 Rg8 32.Bf4+ Kb7 33.Kh2 Bd5 34.Nf3 0-1

[Event "Cto Equipos Aragon 2012 Div. Honor B "]
[Site "Aragon"]
[Date "2012.02.18"]
[Round "3.30"]
[White "Colom Sienes Eduardo"]
[Black "Ballonga Arruebo Alejandro"]
[Result "1-0"]
[WhiteElo "2032"]
[BlackElo "1704"]

1.e4 e6 2.d4 d5 3.Nc3 Nf6 4.e5 Nfd7 5.Nf3 c5 6.dxc5 Bxc5 7.Bd3 Nc6 8.Bf4 a6 9.
Qe2 Qa5 10.O-O Nd4 11.Nxd4 Bxd4 12.Rfe1 Bxc3 13.bxc3 Nc5 14.Qg4 Nxd3 15.Qxg7
Nxf4 16.Qxh8+ Kd7 17.Qf6 Ng6 18.Qxf7+ Kd8 19.Qxh7 Nxe5 20.Qh8+ Ke7 21.Qxe5 Bd7
22.c4 Bc6 23.cxd5 Bxd5 24.c4 Bxg2 25.Qxa5 Rg8 26.Qc7+ Kf6 27.Qg3 1-0

[Event "Cto Equipos Aragon 2012 Div. Honor B "]
[Site "Aragon"]
[Date "2012.02.18"]
[Round "3.31"]
[White "Santos Hernandez Higinio"]
[Black "Sacristan Latorre Alberto"]
[Result "0-1"]
[WhiteElo "1616"]
[BlackElo "1989"]

1.d4 {Nf3} 1...g6 2.Bg5 Bg7 3.e3 {O-O Bc4} 3...c5 4.Nd2 d5 5.Bd3 Qb6 6.Rb1 Nc6
7.c3 c4 8.Bc2 Qa5 9.a3 b5 {O-O h6} 10.Bf6 Bxf6 11.e4 dxe4 12.Nxe4 Bg7 13.Qe2
e6 14.Nd6+ {Rd8 Nxc8 Raxc8 Rbd1 Qc7 Rfe1 a5 Ne5 Nxe5 dxe5 Rxd1 Bxd1 Qc5 Bc2 Rd8 Kf1 b4 axb4 axb4 f4 Bf8 Rd1 Rc8 Qg4 Qe7 cxb4 Rb8 f5 exf5 Bxf5 Qxe5 Bb1 Qxh2 Bxg6 fxg6 Qxg6+ Bg7 Rd7 Rf8+ Ke2 Qe5+ Kd1 Rf1+ Kd2 Qe1+ Kc2 Rf2+}
0-1

[Event "Cto Equipos Aragon 2012 Preferente A"]
[Site "Aragon"]
[Date "2012.02.18"]
[Round "3.33"]
[White "Gracia Campo Carlos Alberto"]
[Black "Lana Rodriguez David"]
[Result "0-1"]
[WhiteElo "2042"]
[BlackElo "2243"]

1.e4 e6 2.d4 d5 3.exd5 exd5 4.c4 Nf6 5.Bg5 Bb4+ 6.Nc3 O-O 7.Bd3 Qe8+ 8.Ne2
dxc4 9.Bxc4 Ne4 10.Bd2 Nxd2 11.Qxd2 Be6 12.Bxe6 Qxe6 13.O-O Nd7 14.Rfe1 Nb6
15.a3 Bd6 16.Nb5 Qd7 17.Nec3 Rad8 18.Nxa7 c6 19.d5 Bb8 20.Ne4 Qxd5 21.Qc2 Bxa7
22.Re3 f5 23.Ng5 Qd2 24.Qb3+ Nd5 25.Nf3 Qa5 26.Re7 Qb6 27.Qxb6 Bxb6 28.Rxb7
Rfe8 29.Rc1 Re2 30.Rxc6 Rxb2 31.Kf1 Rxf2+ 32.Kg1 Rb2+ 33.Kf1 Ne3+ 0-1

[Event "Cto Equipos Aragon 2012 Preferente A"]
[Site "Aragon"]
[Date "2012.02.18"]
[Round "3.34"]
[White "Guzman Moneo Alberto"]
[Black "Veras Sanz Marino"]
[Result "1-0"]
[WhiteElo "2172"]
[BlackElo "2037"]

1.e4 c5 2.Nc3 Nc6 3.Bb5 g6 4.Bxc6 dxc6 5.d3 Bg7 6.Be3 b6 7.Nf3 Nf6 8.h3 Be6 9.
Qd2 Qd7 10.Bh6 Bxh6 11.Qxh6 O-O-O 12.O-O-O b5 13.Qe3 Qb7 14.Qxc5 Rhe8 15.Nd4
b4 16.Na4 Bd7 17.f4 Nh5 18.Rhf1 Ng7 19.Qc4 Ne6 20.Nc5 Nxc5 21.Qxc5 Qb6 22.Qxb6
axb6 23.Nf3 f6 24.Kd2 c5 25.Ra1 Bc6 26.Ke3 Kc7 27.a3 bxa3 28.Rxa3 Ra8 29.Rfa1
Rxa3 30.Rxa3 Ra8 31.Rxa8 Bxa8 32.g4 Kd6 33.h4 h5 34.gxh5 gxh5 35.Nd2 Bc6 36.
Nc4+ Kc7 37.f5 b5 38.Nd2 e5 39.fxe6 Kd6 40.Nb3 c4 41.dxc4 bxc4 42.Nd4 Be8 43.
Kf4 Kc5 44.Nf5 Kc6 45.e5 Kd5 46.exf6 1-0

[Event "Cto Equipos Aragon 2012 Preferente A"]
[Site "Aragon"]
[Date "2012.02.18"]
[Round "3.35"]
[White "Galve Guinea Alejandro"]
[Black "Navarro Alonso Jorge"]
[Result "0-1"]
[WhiteElo "2033"]
[BlackElo "2154"]

1.d4 d5 2.c4 e6 3.Nc3 c5 4.cxd5 cxd4 5.Qxd4 Nc6 6.Qa4 exd5 7.Nf3 Nf6 8.g3 d4
9.Nb1 Bc5 10.Bg2 O-O 11.O-O Re8 12.Re1 Bg4 13.Nbd2 a6 14.a3 Qd5 15.b4 Ba7 16.
Bb2 Qh5 17.Rac1 Rad8 18.Qc2 Bh3 19.Bh1 Bf5 20.Qb3 Ng4 21.b5 Be6 22.Qd3 axb5
23.Ba1 Nce5 24.Qb1 Nxf3+ 25.Nxf3 d3 0-1

[Event "Cto Equipos Aragon 2012 Preferente A"]
[Site "Aragon"]
[Date "2012.02.18"]
[Round "3.36"]
[White "Montes Santos Lorenzo"]
[Black "Bailo Remacha Santiago"]
[Result "1-0"]
[WhiteElo "2035"]
[BlackElo "2027"]

1.Nf3 c5 2.c4 Nc6 3.d4 cxd4 4.Nxd4 g6 5.Nc3 Bg7 6.e3 Nf6 7.g3 O-O 8.Bg2 a6 9.
O-O Rb8 10.b3 Qa5 11.Bb2 Nxd4 12.Qxd4 b6 13.Rfd1 e6 14.Qd2 Bb7 15.Bxb7 Rxb7
16.Rac1 Qh5 17.Kg2 Rd8 18.Qe2 Qxe2 19.Nxe2 d5 20.Bxf6 Bxf6 21.cxd5 Rxd5 22.
Rxd5 exd5 23.Rc6 Be5 24.f4 Bb2 25.Kf3 Kf8 26.Rd6 d4 27.Nxd4 Ke7 28.Rc6 Bxd4
29.exd4 Kd7 30.Rc3 Rb8 31.a4 Re8 32.d5 a5 33.Rc6 Rb8 34.Ke4 b5 35.Ke5 bxa4 36.
bxa4 Rb4 37.Ra6 Rxa4 38.Ra7+ Ke8 39.Kd6 Kf8 40.Kd7 Ra2 41.d6 Rxh2 42.Ra8+ Kg7
43.Rxa5 1-0

[Event "Cto Equipos Aragon 2012 Preferente A"]
[Site "Aragon"]
[Date "2012.02.18"]
[Round "3.37"]
[White "Dominguez Bujeda Jesus"]
[Black "Planas Torrea Francisco Javier"]
[Result "1-0"]
[WhiteElo "2127"]
[BlackElo "2007"]

1.d4 d5 2.c4 e6 3.Nc3 Nf6 4.cxd5 exd5 5.Bg5 Be7 6.e3 b6 7.Bd3 Bb7 8.Qc2 h6 9.
Bh4 Nbd7 10.f3 c5 11.Nge2 O-O 12.O-O Re8 13.Kh1 Nh5 14.Bf2 a6 15.Rad1 c4 16.
Bf5 b5 17.g4 Nhf6 18.Rg1 g5 19.Ng3 Nf8 20.Kg2 Bd6 21.Nce2 Kg7 22.Rh1 Ng6 23.
Bxg6 fxg6 24.h4 Qc7 25.h5 gxh5 26.Nf5+ Kf8 27.Nxh6 h4 28.Qg6 Re6 29.Qxg5 Ke8
30.Rxh4 Kd7 31.Nf5 Rg8 32.Rh7+ Be7 33.Rxe7+ 1-0

[Event "Cto Equipos Aragon 2012 Preferente A"]
[Site "Aragon"]
[Date "2012.02.18"]
[Round "3.38"]
[White "Planas Torrea Alberto"]
[Black "Arpa Pardo Emilio"]
[Result "1-0"]
[WhiteElo "1920"]
[BlackElo "2047"]

1.e4 e5 2.Nf3 Nc6 3.d4 exd4 4.Bc4 Nf6 5.O-O Nxe4 6.Re1 d5 7.Bxd5 Qxd5 8.Nc3
Qf5 9.Nxe4 Be6 10.Nxd4 Qd5 11.Nxe6 Qxd1 12.Nxc7+ Kd7 13.Rxd1+ Kxc7 14.Bf4+ Kb6
15.Rd7 Re8 16.Be3+ Ka6 17.Nc3 Ne5 18.Rd4 b5 19.a4 b4 20.Nb5 Bc5 21.Rd5 Bxe3
22.Nc7+ Kb6 23.Nxe8 Rxe8 24.fxe3 Nc4 25.Rb5+ Kc6 26.Rxb4 Nxe3 27.Re1 Re6 28.
Rb3 Nc4 29.Rxe6+ fxe6 30.Rc3 Kd5 31.b3 Na3 32.Rc7 e5 33.Kf2 Ke4 34.Ke2 g5 35.
Kd2 a5 36.Kc1 Ke3 37.Kb2 Kf2 38.Re7 Kxg2 39.Rxe5 h6 40.h4 gxh4 41.Rh5 Nxc2 42.
Kxc2 Kg3 43.Rxh6 Kh3 44.Rh5 1-0

[Event "Cto Equipos Aragon 2012 Preferente A"]
[Site "Aragon"]
[Date "2012.02.18"]
[Round "3.41"]
[White "Alonso Fdez-Revuelta Rodrigo"]
[Black "Neila Castillo Miguel Angel"]
[Result "1/2-1/2"]
[WhiteElo "2021"]
[BlackElo "2071"]

1.e4 c5 2.Nf3 Nc6 3.d4 cxd4 4.Nxd4 Nf6 5.Nc3 e5 6.Ndb5 d6 7.a4 a6 8.Na3 Be6 9.
Bg5 Be7 10.Bxf6 Bxf6 11.Bc4 O-O 12.O-O Rc8 13.Nd5 Bg5 14.c3 Kh8 15.Qb3 Na5 16.
Qb4 Nxc4 17.Nxc4 Bxd5 18.exd5 Rc5 19.Nxe5 a5 20.Qa3 Rxd5 21.Nf3 Qb6 22.Rad1
1/2-1/2

[Event "Cto Equipos Aragon 2012 Preferente A"]
[Site "Aragon"]
[Date "2012.02.18"]
[Round "3.42"]
[White "Pes Mateo Angel"]
[Black "Lucea Valero Alejandro"]
[Result "1-0"]
[WhiteElo "2069"]
[BlackElo "1962"]

1.d4 Nf6 2.Nf3 g6 3.Bf4 Bg7 4.e3 O-O 5.h3 d6 6.Be2 Bf5 7.O-O c6 8.Nbd2 Re8 9.
c3 h6 10.Bh2 g5 11.g4 Bg6 12.Qb3 Qb6 13.Qa3 Nbd7 14.b4 Qd8 15.Qb3 b6 16.Rad1
a5 17.b5 c5 18.a4 Qc8 19.Nc4 d5 20.Nce5 c4 21.Qa3 Nxe5 22.Nxe5 e6 23.Nxg6 fxg6
24.Bf3 Qd7 25.Rfe1 Bf8 26.Qc1 Bd6 27.Be5 Rf8 28.Qc2 Kh7 29.e4 Nxe4 30.Bxe4
dxe4 31.Qxe4 Rae8 32.Kg2 Rf7 33.Rd2 Bxe5 34.Qxe5 Ree7 35.Rde2 Kg8 36.Qe4 Rf6
37.d5 Qc7 38.dxe6 Qc5 39.Qe5 Qxe5 40.Rxe5 Rf4 41.Rd1 Rf8 42.Rd6 Rb8 43.Rc6 Kg7
44.Rxc4 Kf6 45.Re3 h5 46.Rc6 Rbb7 47.c4 Rbc7 48.Rxc7 Rxc7 49.e7 Rxe7 50.Rxe7
Kxe7 51.Kf3 Kd6 52.Ke4 Kc5 53.Kd3 Kb4 54.Kd4 Kxa4 55.Kc3 1-0

[Event "Cto Equipos Aragon 2012 Preferente A"]
[Site "Aragon"]
[Date "2012.02.18"]
[Round "3.43"]
[White "Buil Montanes Carlos"]
[Black "Andres Terrado Miguel Angel"]
[Result "0-1"]
[WhiteElo "1924"]
[BlackElo "2069"]

1.d4 Nf6 2.Nf3 g6 3.c4 Bg7 4.Nc3 O-O 5.Bf4 d6 6.h3 Nbd7 7.e3 c6 8.Be2 Re8 9.
O-O Nh5 10.Bh2 e5 11.Rc1 Qe7 12.Re1 f5 13.c5 d5 14.Nxe5 Bxe5 15.Bxe5 Nxe5 16.
dxe5 Ng7 17.f4 Kh8 18.Na4 Qh4 19.Rf1 Rg8 20.Qe1 Qh6 21.h4 Ne6 22.g3 Qf8 23.Bf3
Qe7 24.b4 Nc7 25.Rf2 h6 26.Rh2 Rg7 27.Nc3 b5 28.cxb6 axb6 29.b5 Nxb5 30.Nxb5
cxb5 31.Bxd5 Bb7 32.e4 fxe4 33.Qxe4 Bxd5 34.Qxd5 Qa3 35.Qb3 Qxc1+ 0-1

[Event "Cto Equipos Aragon 2012 Preferente A"]
[Site "Aragon"]
[Date "2012.02.18"]
[Round "3.44"]
[White "Dominguez Luzon Fernando"]
[Black "Minguez Guinda Andres"]
[Result "0-1"]
[WhiteElo "2004"]
[BlackElo "1923"]

1.d4 d5 2.Nf3 Nf6 3.c4 e6 4.Nc3 Be7 5.Bg5 Nbd7 6.e3 O-O 7.Rc1 c6 8.Bd3 dxc4 9.
Bxc4 Nd5 10.Bxe7 Qxe7 11.O-O Nxc3 12.Rxc3 e5 13.dxe5 Nxe5 14.Nxe5 Qxe5 15.f4
Qe7 16.f5 Qf6 17.Rd3 b5 18.Bb3 c5 19.Rd6 Qe5 20.f6 Qxe3+ 21.Kh1 Be6 22.fxg7
Rfe8 23.Bc2 Qh6 24.Rf3 Qh4 25.Rg3 Rad8 26.Rxd8 Rxd8 27.Qf3 Qh6 28.h3 Qc1+ 29.
Kh2 Qxc2 30.Qf6 Qd2 31.h4 Qd6 32.Qg5 Re8 33.Kg1 Bc4 34.h5 Qd4+ 35.Kh2 Qe5 36.
Qg4 Be6 37.Qd1 h6 38.Qd2 Qxh5+ 39.Kg1 Qh4 40.Rd3 Bc4 41.g3 Qe4 42.Qxh6 Qe1+
0-1

[Event "Cto Equipos Aragon 2012 Preferente A"]
[Site "Aragon"]
[Date "2012.02.18"]
[Round "3.45"]
[White "Sierra Aguerri Joaquin"]
[Black "Juberias Segura Santiago"]
[Result "1/2-1/2"]
[WhiteElo "2086"]
[BlackElo "2045"]

1.e4 c5 2.Nc3 d6 3.f4 Nc6 4.Nf3 g6 5.Bc4 Bg7 6.d3 e6 7.O-O Nf6 8.Qe1 O-O 9.f5
d5 10.Bb3 c4 11.dxc4 dxe4 12.Nxe4 Nxe4 13.Qxe4 exf5 14.Qe1 Re8 15.Qg3 Nd4 16.
Nxd4 Qxd4+ 17.Kh1 Bd7 18.c3 Qc5 19.Bf4 Bc6 20.Bd6 Qe3 21.Qxe3 Rxe3 22.Bc5 Re2
23.Rf2 Rae8 24.Kg1 b6 25.Bd4 Re1+ 26.Rxe1 Rxe1+ 27.Rf1 Re2 28.Rf2 Re1+ 29.Rf1
Re2 30.Rf2 1/2-1/2

[Event "Cto Equipos Aragon 2012 Preferente A"]
[Site "Aragon"]
[Date "2012.02.18"]
[Round "3.46"]
[White "Najera De Miguel Pedro Jesus"]
[Black "Fernandez Rubio Rafael"]
[Result "1/2-1/2"]
[WhiteElo "1988"]
[BlackElo "2064"]

1.c4 e5 2.g3 g6 3.Bg2 Bg7 4.Nc3 Nc6 5.d3 Nge7 6.e4 O-O 7.Nge2 d6 8.O-O Be6 9.
Nd5 Qd7 10.Be3 Bxd5 11.cxd5 Nd8 12.d4 f5 13.Qb3 fxe4 14.dxe5 Bxe5 15.Bd4 Qf5
16.Rad1 Nf7 17.f4 exf3 18.Rxf3 Qh5 19.Nf4 Bxf4 20.gxf4 Nf5 21.Bf2 Rae8 22.Rc1
Re7 23.Qxb7 g5 24.Rxc7 Rxc7 25.Qxc7 gxf4 26.Qc2 Qg5 27.Qe4 Ne5 28.Rxf4 h5 29.
h3 Nd3 30.Qe6+ Rf7 31.Qe8+ Rf8 32.Qe6+ Rf7 33.Qe8+ Rf8 1/2-1/2

[Event "Cto Equipos Aragon 2012 Preferente A"]
[Site "Aragon"]
[Date "2012.02.18"]
[Round "3.49"]
[White "Malo Guillen Jose Luis"]
[Black "Ferreruela Romero Jose Joaquin"]
[Result "0-1"]
[WhiteElo "2189"]
[BlackElo "2020"]

1.d4 Nf6 2.Bg5 b6 3.Bxf6 gxf6 4.e3 Bb7 5.Nf3 e6 6.g3 c5 7.Bg2 cxd4 8.exd4 h5
9.O-O Qc8 10.Re1 Be7 11.Nbd2 f5 12.c4 h4 13.d5 hxg3 14.hxg3 Na6 15.Nd4 Kf8 16.
Qe2 Bf6 17.Nb5 Qb8 18.Nf3 Nc5 19.Ne5 a6 20.Nd4 Bxe5 21.Qxe5 Qxe5 22.Rxe5 Ne4
23.dxe6 dxe6 24.Rc1 Rd8 25.Nb3 Ke7 26.c5 f6 27.c6 Bxc6 28.Rxc6 Rd1+ 29.Bf1
fxe5 30.Rxb6 Rc8 31.Rxa6 Rc2 32.Ra7+ Kf6 0-1

[Event "Cto Equipos Aragon 2012 Preferente A"]
[Site "Aragon"]
[Date "2012.02.18"]
[Round "3.50"]
[White "Sanmiguel Mateo Luis"]
[Black "Alonso Blasco Jose Miguel"]
[Result "0-1"]
[WhiteElo "1958"]
[BlackElo "2119"]

1.e4 c6 2.d4 d5 3.Nc3 dxe4 4.Nxe4 Nf6 5.Nxf6+ gxf6 6.Nf3 Bf5 7.g3 Qd5 8.Be2
Qe4 9.c3 Bh3 10.Be3 Nd7 11.Rg1 Bg4 12.Nd2 Bxe2 13.Nxe4 Bxd1 14.Rxd1 e6 15.Kd2
O-O-O 16.Kc2 Be7 17.Rd3 f5 18.Nd2 h5 19.h4 Rhg8 20.Nf3 Nb6 21.Re1 Nd5 22.Bg5
Rde8 23.a3 Rg7 24.c4 Nf6 25.Bxf6 Bxf6 26.d5 cxd5 27.cxd5 e5 28.Rde3 e4 29.Rd1
Rd8 30.Ne1 Rgg8 31.Ng2 Be5 32.Kb1 Rd6 33.Re2 Rgd8 34.Ne3 f4 35.Nf5 Rf6 36.Ne7+
Kd7 37.Rxe4 Bd6 38.Rde1 Re8 39.gxf4 Rxe7 40.Rxe7+ Bxe7 41.Re5 Rh6 42.Rf5 Rh7
0-1

[Event "Cto Equipos Aragon 2012 Preferente A"]
[Site "Aragon"]
[Date "2012.02.18"]
[Round "3.51"]
[White "Javierre Conesa Alfonso"]
[Black "Belmonte Barragan Avelino"]
[Result "1-0"]
[WhiteElo "2045"]
[BlackElo "1799"]

1.d4 d5 2.c4 c6 3.Nc3 e6 4.Nf3 Nf6 5.e3 Nbd7 6.Qc2 Be7 7.Be2 dxc4 8.a4 a5 9.
O-O Nd5 10.Bxc4 Nb4 11.Qe2 b6 12.e4 Ba6 13.Bxa6 Nxa6 14.Bf4 O-O 15.Rac1 Nf6
16.Qc4 Nb4 17.Rfd1 Rc8 18.h3 Qe8 19.Qe2 Qd7 20.Ne5 Qb7 21.g4 Rfd8 22.g5 Ne8
23.Qh5 g6 24.Qf3 Bd6 25.Ng4 Bxf4 26.Qxf4 Qc7 27.e5 Qe7 28.Ne4 Nd5 29.Qf3 b5
30.h4 b4 31.Ngf6+ Ndxf6 32.Nxf6+ Nxf6 33.gxf6 Qe8 34.h5 g5 35.Qg2 h6 36.f4 Kh8
37.Rc4 Qd7 38.Rd3 Rg8 39.Rg3 gxf4 40.Rg7 Qe8 41.Kf2 Qf8 42.Rxg8+ Qxg8 43.Qxg8+
Kxg8 44.Kf3 Kf8 45.Kxf4 Ke8 46.Rc5 Ra8 47.Rxc6 Kd7 48.Rc5 Ra6 49.Ke4 Rc6 50.
Kd3 Rxc5 51.dxc5 Kc7 52.Kc4 Kc6 53.b3 Kb7 54.Kb5 Kc7 55.c6 Kb8 56.Kb6 Ka8 57.
Kxa5 Ka7 58.Kxb4 Kb6 59.c7 Kxc7 60.Kc5 1-0

[Event "Cto Equipos Aragon 2012 Preferente B"]
[Site "Aragon"]
[Date "2012.02.18"]
[Round "3.53"]
[White "Pellicer Cemeli Jose Luis"]
[Black "Salamero Pelay Fernando"]
[Result "1-0"]
[WhiteElo "2068"]
[BlackElo "2123"]

1.d4 e6 2.e4 d5 3.Nd2 Nf6 4.e5 Nfd7 5.Bd3 c5 6.c3 Nc6 7.Ngf3 cxd4 8.cxd4 Qb6
9.O-O f6 10.Re1 Bb4 11.a3 Bxd2 12.Qxd2 O-O 13.b4 fxe5 14.Nxe5 Qxd4 15.Nxc6
Qxa1 16.Bb2 Qa2 17.Na5 b6 18.Bb1 Qxb1 19.Rxb1 bxa5 20.b5 Bb7 21.Qc3 Rf7 22.Qc7
Nb6 23.Qd6 Re8 24.Bd4 Nc4 25.Qg3 Ba8 26.h4 e5 27.Re1 e4 28.h5 h6 29.a4 Rfe7
30.Qg6 Ne5 31.Bxe5 Rxe5 32.Rc1 R5e7 33.Rc7 Kf8 34.Qd6 Kf7 35.Qg6+ Kf8 36.Qf5+
Kg8 37.Rxe7 Rxe7 38.Qc8+ 1-0